| 000 | 03954nam a22002417a 4500 | ||
|---|---|---|---|
| 003 | UA-OsUOA | ||
| 005 | 20210623121301.0 | ||
| 008 | 210623b un ||||| m||| 00| 0 ukr d | ||
| 040 |
_aUA-OsUOA _bukr _cUA-OsUOA _dUA-OsUOA |
||
| 041 | _aukr | ||
| 080 | _a159.937:316.346.2–057.4 | ||
| 090 | _a159.937:316.346.2–057.4 | ||
| 095 |
_a19.00.07 _bпедагогічна та вікова психологія |
||
| 100 | _aКостюченко О. М. | ||
| 245 |
_aПсихологічні особливості розвитку соціальної перцепції майбутніх фахівців галузі масових комунікацій _cКостюченко Олексій Миколайович ; наук. керівник Засєкіна Лариса Володимирівна |
||
| 260 |
_aХмельницький _c2012 |
||
| 300 | _a16 с. | ||
| 502 |
_6Автореферат дисертації на здобуття наукового ступеня кандидата психологічних наук
_cНаціональна академія Державної прикордонної служби України імені Богдана Хмельницького _d2012 |
||
| 520 | _aДисертаційне дослідження присвячене проблемі розвитку соціальної перцепції як професійно важливої характеристики майбутніх фахівців масових комунікацій. Систематизовано та узагальнено сукупність поглядів на поняття соціальної перцепції. З урахуванням психологічної структури професійної діяльності фахівців масових комунікацій запропоновано авторську концептуальну модель соціальної перцепції вищезгаданих спеціалістів та встановлено її основні структурні компоненти. За результатами емпіричного дослідження проаналізовано особливості прояву соціальної перцепції фахівців масових комунікацій відповідно до стажу роботи, віку, статі, акме-періоду та аксіологічної сфери особистості. Встановлено значущі кореляційні зв’язки між показниками самосприйняття, міжособистісного та групового сприйняття спеціалістів масових комунікацій зі змістово-стильовими особливостями соціальної перцепції. На основі порівняння соціальної перцепції майбутніх спеціалістів-медійників та фахівців акме-періоду визначено психологічні особливості розвитку соціальної перцепції майбутніх фахівців галузі масових комунікацій, які полягають у створенні сприятливих психолого-педагогічних умов. Аналіз результатів створення психолого-педагогічних умов розвитку соціальної перцепції засвідчив їх ефективність та можливість широкого використання у вищих навчальних закладах, які готують фахівців галузі масових комунікацій. | ||
| 650 |
_2UDC _a159.9 Психологія |
||
| 942 |
_2udc _cAR |
||
| 955 | _a1 | ||
| 999 |
_c570860 _d570860 |
||